THE NEW Children's Encyclopedia / (Record no. 178379)

MARC details
000 -LEADER
fixed length control field 01067nam a2200325 i 4500
003 - CONTROL NUMBER IDENTIFIER
control field OSt
005 - DATE AND TIME OF LATEST TRANSACTION
control field 20200728121143.0
008 - FIXED-LENGTH DATA ELEMENTS--GENERAL INFORMATION
fixed length control field 200728t20192019enkabo b e 001 0 eng d
020 ## - INTERNATIONAL STANDARD BOOK NUMBER
International Standard Book Number 9781465474513
Terms of availability RM93.95
Qualifying information paperback
040 ## - CATALOGING SOURCE
Original cataloging agency PPAK
Language of cataloging eng
Transcribing agency PPAK
Description conventions rda
082 04 - DEWEY DECIMAL CLASSIFICATION NUMBER
Edition number 23
Classification number 032.02
090 00 - LOCALLY ASSIGNED LC-TYPE CALL NUMBER (OCLC); LOCAL CALL NUMBER (RLIN)
Classification number (OCLC) (R) ; Classification number, CALL (RLIN) (NR) 032.02
Feature heading NEW
Feature heading RK
245 14 - TITLE STATEMENT
Title THE NEW Children's Encyclopedia /
250 ## - EDITION STATEMENT
Edition statement New edition, Third edition.
264 #1 - PRODUCTION, PUBLICATION, DISTRIBUTION, MANUFACTURE, AND COPYRIGHT NOTICE
Place of production, publication, distribution, manufacture London :
Name of producer, publisher, distributor, manufacturer Dorling Kindersley,
Date of production, publication, distribution, manufacture, or copyright notice [2019]
Date of production, publication, distribution, manufacture, or copyright notice ©2019
300 ## - PHYSICAL DESCRIPTION
Extent 304 pages :
Other physical details colour illustrations, colour photographs, colour maps ;
Dimensions 27 cm
336 ## - CONTENT TYPE
Source rdacontent
Content type term text
337 ## - MEDIA TYPE
Source rdamedia
Media type term unmediated
338 ## - CARRIER TYPE
Source rdacarrier
Carrier type term volume
490 1# - SERIES STATEMENT
Series statement DK SMITHSONIAN
500 ## - GENERAL NOTE
Field link and sequence number
General note "Packed with thousands of facts, stats, and illustrations" -- Cover.
General note Includes index.
General note "Fully revised and updated" -- Cover.
521 1# - TARGET AUDIENCE NOTE
Target audience note Primary school age.
650 10 - SUBJECT ADDED ENTRY--TOPICAL TERM
Topical term or geographic name entry element Children's encyclopedias and dictionaries
Topical term or geographic name entry element Curiosities and wonders
830 #0 - SERIES ADDED ENTRY--UNIFORM TITLE
Uniform title DK Smithsonian
942 ## - ADDED ENTRY ELEMENTS (KOHA)
Source of classification or shelving scheme Dewey Decimal Classification
Koha item type Book
Holdings
Withdrawn Not for loan Current library Shelving location Date acquired Full call number Barcode Date last seen Koha item type
  Not For Loan Perpustakaan Alor Setar Rujukan Kanak-kanak 09/08/2020 RK 032.02 NEW A01645526 09/08/2020 Book
  Not For Loan Perpustakaan Kulim Rujukan Kanak-kanak 09/08/2020 RK 032.02 NEW A01645527 09/08/2020 Book